000 00367nam a2200169Ia 4500
003 IT-RoPAU
008 120407s9999 xx 000 0 und d
040 _aIT-RoPAU
040 _cIT-RoPAU
100 _aPaul Lesourd
245 _aLes Notre-Dame de France
260 _aAux Editions de Paris
300 _c cm
490 _v1
600 _aopuscolo
942 _cBK
999 _c1042
_d1042